000 00525nam a2200181Ia 4500
005 20250508150744.0
008 008 250505s9999 xx 000 0 eng d
037 _aTextual
040 _aFEDL
_beng
_cFEDL
041 _aeng
_2eng
084 _a371.335 23, WIL
_qFEDL
100 _aWilliams J Harold
_9757545
245 0 _aGraphic methods in education
260 _aBoston, USA
_bHoughton Mifflin Company
_c1924
300 _axvii,319p
942 _cTEXL
_h371.335 23, WIL
999 _c1325477
_d1325477